000 00656nam a22002417a 4500
003 UA-OsUOA
001 102666
007 ta
008 20130930b un ||||| |||| 00| 0 ukr d
100 _aЦимбалюк В. І.
700 _aПлівачук К. В.
090 _a82.09(477)
_bЦ61
942 _cBK
040 _aUA-OsUOA
_bukr
_cUA-OsUOA
_dUA-OsUOA
245 _aПривіт тобі, зеленокудра Сквиро...
300 _a57 с.
955 _a2
041 _aukr
080 _a82.09(477)
260 _aСквира
_c2006
650 7 _a82 Література. Літературознавство
_2UDC
999 _c388970
_d388970